Good Luck ! - Statistics

General Stats
  • This quiz has been taken 45 times
  • The average score is 19 of 20
Answer Stats
Answer % Correct
Good luck
100%
Good luck
95%
Good luck
95%
Good luck
95%
Good luck
95%
Good luck
95%
Good luck
95%
Good luck
95%
Good luck
95%
Good luck
95%
Good luck
95%
Good luck
95%
Good luck
90%
Good luck
90%
Good luck
90%
Good luck
90%
Good luck
90%
Good luck
90%
Good luck
90%
Good luck
90%
No matching quizzes found
Score Distribution
Percent of People with Each Score
Percentile by Number Answered
Your Score History
You have not taken this quiz